Buffer stocks and storage of foodgrains in India (Record no. 24061)

MARC details
000 -LEADER
fixed length control field 00334nam a2200121Ia 4500
082 ## - DEWEY DECIMAL CLASSIFICATION NUMBER
Classification number 641.4 (540)
Item number KHU
100 ## - MAIN ENTRY--AUTHOR NAME
Personal name Khusro, A M
245 #0 - TITLE STATEMENT
Title Buffer stocks and storage of foodgrains in India
260 ## - PUBLICATION, DISTRIBUTION, ETC. (IMPRINT)
Place of publication Bombay
Name of publisher Tata McGraw Hill
Year of publication 1973
650 ## - SUBJECT ADDED ENTRY--TOPICAL TERM
Topical Term Foodgrain storage
942 ## - ADDED ENTRY ELEMENTS (KOHA)
Koha item type Books
Holdings
Withdrawn status Lost status Damaged status Not for loan Home library Current library Date acquired Cost, normal purchase price Full call number Accession Number Koha item type
        RRII Library RRII Library 16/12/2021 28.50 641.4 (540) KHU 04749 Books